| LEADER 00000nam 2200000uu 4500 |
| 001 208303 |
| 003 ULIBM |
| 008 121018s2555||||th 000 0 tha d |
| 020 ^a9786169025276
|
| 040 ^abcnkk
|
| 041 0 ^atha^beng
|
| 060 4 ^aWS420 ว712 2555
|
| 100 0 ^aวิโรจน์ ไววานิชกิจ
|
| 245 10 ^aความรู้เกี่ยวกับการตรวจคัดกรองทางห้องปฏิบัติการด้านกุมารเวชศาสตร์ทารกแรกเกิดสำหรับพยาบาล แพทย์และบุคลากรทางการแพทย์./^bวิโรจน์ ไววานิชกิจ
|
| 250 ^aพิมพ์ครั้งที่ 1
|
| 260 ^aกรุงเทพฯ : ^bโรงพิมพ์แห่งจุฬาลงกรณ์มหาวิทยาลัย,^c2555.
|
| 300 ^aจำนวน 95 หน้า
|
| 650 4 ^aทารกแรกเกิด ^xภาวะแทรกซ้อน ^xการตรวจ.
|
| 650 0 ^aทารกแรกเกิด ^xภาวะแทรกซ้อน ^xการวินิจฉัย.
|
| 650 0 ^aทารกแรกเกิด ^xการวินิจฉัยโรคทางห้องปฏิบัติการ.
|
| 999 ^aใช้งานได้ทุกระบบ
|